Chefs-Lieux des départements français par numéro - Statistiques

Statistiques générales
  • Ce quiz a été pris 333 fois
    331 depuis la dernière actualisation
  • Le résultat moyen est 13 sur 20
Statistiques - réponses
Numéro Chef-lieu % Correct
2A Ajaccio
93%
75 Paris
93%
13 Marseille
91%
36 Châteauroux
90%
78 Versailles
90%
10 Troyes
89%
90 Belfort
88%
69 Lyon
88%
93 Bobigny
86%
66 Perpignan
86%
2B Bastia
85%
37 Tours
83%
32 Auch
82%
59 Lille
82%
74 Annecy
80%
89 Auxerre
80%
25 Besançon
80%
33 Bordeaux
79%
974 Saint-Denis
79%
45 Orléans
78%
01 Bourg-en-Bresse
76%
80 Amiens
75%
18 Bourges
75%
92 Nanterre
75%
24 Périgueux
75%
07 Privas
75%
29 Quimper
75%
65 Tarbes
75%
77 Melun
73%
03 Moulins
73%
16 Angoulême
71%
05 Gap
71%
72 Le Mans
71%
84 Avignon
69%
971 Basse-Terre
69%
21 Dijon
69%
61 Alençon
67%
39 Lons-le-Saunier
67%
58 Nevers
67%
06 Nice
67%
67 Strasbourg
67%
55 Bar-le-Duc
64%
14 Caen
64%
91 Évry
64%
09 Foix
64%
57 Metz
64%
40 Mont-de-Marsan
64%
34 Montpellier
64%
12 Rodez
64%
60 Beauvais
63%
973 Cayenne
63%
63 Clermont-ferrand
63%
38 Grenoble
63%
04 Digne-les-Bains
62%
27 Évreux
62%
82 Montauban
62%
22 Saint-Brieuc
62%
08 Charleville-Mézières
60%
02 Laon
60%
87 Limoges
60%
44 Nantes
60%
30 Nîmes
60%
70 Vesoul
60%
17 La Rochelle
58%
71 Mâcon
58%
54 Nancy
58%
42 Saint-Étienne
58%
19 Tulle
58%
28 Chartres
57%
972 Fort-de-France
57%
64 Pau
57%
11 Carcassonne
56%
95 Cergy
54%
85 La Roche-sur-Yon
54%
62 Arras
50%
46 Cahors
50%
94 Créteil
50%
88 Épinal
50%
48 Mende
50%
86 Poitiers
50%
35 Rennes
50%
31 Toulouse
50%
26 Valence
50%
56 Vannes
50%
73 Chambéry
47%
43 Le Puy-en-Velay
45%
76 Rouen
45%
68 Colmar
44%
23 Guéret
44%
50 Saint-Lô
44%
83 Toulon
44%
49 Angers
43%
53 Laval
43%
81 Albi
40%
15 Aurillac
40%
41 Blois
40%
51 Châlons-en-Champagne
40%
52 Chaumont
40%
79 Niort
36%
976 Mamoudzou
30%
47 Agen
29%
Aucun quiz correspondant
Distribution des résultats
% des personnes avec chaque résultat
Percentile par nombre de réponses
Votre historique - résultats
Vous n’avez pas pris ce quiz depuis la dernière actualisation